Ergodic theory and information /
Guardado en:
| Autor Principal: | |
|---|---|
| Formato: | Libro |
| Idioma: | English |
| Publicado: |
New York :
Wiley,
c1965.
|
| Series: | Wiley series in probability and mathematical statistics. Tracts on probability and statistics
|
| Etiquetas: |
Agregar Etiqueta
Sin Etiquetas, Sea el primero en etiquetar este registro!
|
| LEADER | 00586nam a22001695a 4500 | ||
|---|---|---|---|
| 001 | MAT.inmabb001573 | ||
| 008 | 031209s1965####nyu###########000#0#eng#d | ||
| 005 | 20130226124649.0 | ||
| 245 | 1 | 0 | |a Ergodic theory and information / |c Patrick Billingsley. |
| 260 | |a New York : |b Wiley, |c c1965. | ||
| 300 | |a xiii, 193 p. ; |c 24 cm. | ||
| 440 | 0 | |a Wiley series in probability and mathematical statistics. |p Tracts on probability and statistics | |
| 510 | 4 | |a MR, |c 33 #254 | |
| 100 | 1 | |a Billingsley, Patrick. | |
| 084 | |a 28Dxx (94A17) |2 msc2000 | ||
| 010 | |a 65021445 | ||
| 859 | |h 28 |i B598 |p A-1954 |b BIB. MATEMATICA | ||
